Social sector communication in India : (Record no. 100266)
[ view plain ]
| 000 -LEADER | |
|---|---|
| fixed length control field | 01456nam a22003377a 4500 |
| 005 - DATE AND TIME OF LATEST TRANSACTION | |
| control field | 20221226120905.0 |
| 010 ## - LCCN (DPL NO) | |
| LC control number | 1617EN ENG-115238, ENG-135942 |
| 020 ## - INTERNATIONAL STANDARD BOOK NUMBER | |
| International Standard Book Number | 9789351508144 |
| Terms of availability | 850.00 |
| 035 ## - SYSTEM CONTROL NUMBER | |
| System control number | B-654278-281 |
| 035 ## - SYSTEM CONTROL NUMBER | |
| System control number | B-667888 |
| 035 ## - SYSTEM CONTROL NUMBER | |
| System control number | EN-98770 |
| 035 ## - SYSTEM CONTROL NUMBER | |
| System control number | EN-119474 |
| 037 ## - SOURCE OF ACQUISITION | |
| Source of stock number/acquisition | TBI |
| 037 ## - SOURCE OF ACQUISITION | |
| Source of stock number/acquisition | DBAD/PUB |
| 082 00 - DEWEY DECIMAL CLASSIFICATION NUMBER | |
| Classification number | 306.0954 |
| Edition number | 23 |
| 100 1# - MAIN ENTRY--PERSONAL NAME | |
| Personal name | Jethwaney, Jaishri N. |
| 245 10 - TITLE STATEMENT | |
| Title | Social sector communication in India : |
| Remainder of title | concepts, practices, and case studies / |
| Statement of responsibility, etc | by Jaishri Jethwaney |
| 260 ## - PUBLICATION, DISTRIBUTION, ETC. (IMPRINT) | |
| Place of publication, distribution, etc | New Delhi |
| Name of publisher, distributor, etc | SAGE Publications |
| Date of publication, distribution, etc | 2016 |
| 270 ## - ADDRESS | |
| Address | B1/I-1 Mohan Cooperative Industrial Area, Mathura Road |
| City | New Delhi |
| Postal code | 110044 |
| 300 ## - PHYSICAL DESCRIPTION | |
| Extent | xvi,268p. |
| Dimensions | 23cm(Hb) |
| 500 ## - GENERAL NOTE | |
| General note | Includes bibliographical references and index. |
| 650 #0 - SUBJECT ADDED ENTRY--TOPICAL TERM | |
| Topical term or geographic name as entry element | Social planning |
| Geographic subdivision | India. |
| 650 #0 - SUBJECT ADDED ENTRY--TOPICAL TERM | |
| Topical term or geographic name as entry element | Communication in social action |
| Geographic subdivision | India. |
| 650 #0 - SUBJECT ADDED ENTRY--TOPICAL TERM | |
| Topical term or geographic name as entry element | Communication in community development |
| Geographic subdivision | India. |
| 650 #0 - SUBJECT ADDED ENTRY--TOPICAL TERM | |
| Topical term or geographic name as entry element | Social action |
| Geographic subdivision | India. |
| 650 #0 - SUBJECT ADDED ENTRY--TOPICAL TERM | |
| Topical term or geographic name as entry element | Community development |
| Geographic subdivision | India. |
| 650 #0 - SUBJECT ADDED ENTRY--TOPICAL TERM | |
| Topical term or geographic name as entry element | Social service |
| Geographic subdivision | India. |
| 942 ## - ADDED ENTRY ELEMENTS (KOHA) | |
| Source of classification or shelving scheme | Dewey Decimal Classification |
| Item type | English Books |
| Classification part | 306.0954 |
| Call number suffix | JET |
| Withdrawn status | Lost status | Not for loan | Collection code | Home library | Current library | Date acquired | Source of acquisition | Cost, normal purchase price | Full call number | Barcode | Copy number | Cost, replacement price | Koha item type |
|---|---|---|---|---|---|---|---|---|---|---|---|---|---|
| Non-fiction | Ashok Vihar | Ashok Vihar | 07/07/2017 | BPPD/EN/2016-17/AV/16-17/472/15.02.2017/TZ17430/24.02.2017/18.03.2017 | 850.00 | 306.0954 JET | B-667888 | 1 | 850.00 | English Books | |||
| Not For Loan | Non-fiction | D.B.Act.Division | Bawana | 10/06/2016 | DBAD/PUB | 850.00 | 306.0954 JET | EN-98770 | 1 | 850.00 | English Books | ||
| Non-fiction | Central Library | Central Library | 20/02/2017 | BPPD/EN/2016-17/306/24.11.2016/TZ16932/5.12.2016/4.1.2017 | 850.00 | 306.0954 JET | B-654278 | 1 | 850.00 | English Books | |||
| Non-fiction | Janak Puri | Janak Puri | 20/02/2017 | BPPD/EN/2016-17/306/24.11.2016/TZ16932/5.12.2016/4.1.2017 | 850.00 | 306.0954 JET | B-654281 | 1 | 850.00 | English Books | |||
| Non-fiction | Kasturba Gandhi Marg | Kasturba Gandhi Marg | 26/12/2022 | DBAD | 850.00 | 306.0954 JET | EN-119474 | 2 | 850.00 | English Books | |||
| Non-fiction | New Police Line | New Police Line | 20/02/2017 | BPPD/EN/2016-17/306/24.11.2016/TZ16932/5.12.2016/4.1.2017 | 850.00 | 306.0954 JET | B-654279 | 1 | 850.00 | English Books | |||
| Non-fiction | Patel Nagar | Patel Nagar | 20/02/2017 | BPPD/EN/2016-17/306/24.11.2016/TZ16932/5.12.2016/4.1.2017 | 850.00 | 306.0954 JET | B-654280 | 1 | 850.00 | English Books |
